<?xml version="1.0" encoding="UTF-8"?>
<record
    xmlns:xsi="http://www.w3.org/2001/XMLSchema-instance"
    xsi:schemaLocation="http://www.loc.gov/MARC21/slim http://www.loc.gov/standards/marcxml/schema/MARC21slim.xsd"
    xmlns="http://www.loc.gov/MARC21/slim">

  <leader>00893nam2a2200253   4500</leader>
  <controlfield tag="001">rc\3037637</controlfield>
  <controlfield tag="005">20260315065414.0</controlfield>
  <datafield tag="035" ind1=" " ind2=" ">
    <subfield code="a">(NLR Aleph) 007178109</subfield>
  </datafield>
  <datafield tag="090" ind1=" " ind2=" ">
    <subfield code="a">13622298</subfield>
    <subfield code="c">13622298</subfield>
  </datafield>
  <datafield tag="100" ind1=" " ind2=" ">
    <subfield code="a">20111004d1936    u  y0rusy50      ca</subfield>
  </datafield>
  <datafield tag="101" ind1="0" ind2=" ">
    <subfield code="a">rus</subfield>
  </datafield>
  <datafield tag="102" ind1=" " ind2=" ">
    <subfield code="a">RU</subfield>
  </datafield>
  <datafield tag="105" ind1=" " ind2=" ">
    <subfield code="a">a   z   |||||</subfield>
  </datafield>
  <datafield tag="200" ind1="0" ind2=" ">
    <subfield code="a">&#x412;&#x44B;&#x43F;. 4</subfield>
    <subfield code="f">&#x41A;. &#x41B;&#x430;&#x43D; &#x438; &#x415;. &#x41F;&#x430;&#x438;&#x43D;. 33 &#x437;&#x430;&#x442;&#x435;&#x438;</subfield>
  </datafield>
  <datafield tag="210" ind1=" " ind2=" ">
    <subfield code="d">1936</subfield>
  </datafield>
  <datafield tag="215" ind1=" " ind2=" ">
    <subfield code="a">32 &#x441;.</subfield>
    <subfield code="c">&#x43A;&#x440;&#x430;&#x441;. &#x438;&#x43B;.</subfield>
  </datafield>
  <datafield tag="461" ind1=" " ind2="0">
    <subfield code="1">001rc\3037633</subfield>
    <subfield code="1">2000#$a33 &#x437;&#x430;&#x442;&#x435;&#x438;$e&#x414;&#x43B;&#x44F; &#x43C;&#x43B;. &#x432;&#x43E;&#x437;&#x440;&#x430;&#x441;&#x442;&#x430;$f&#x41C;. &#x413;&#x435;&#x440;&#x448;&#x435;&#x43D;&#x437;&#x43E;&#x43D;$g&#x420;&#x438;&#x441;. &#x445;&#x443;&#x434;&#x43E;&#x436;. &#x424;. &#x41A;&#x43E;&#x43D;&#x434;&#x440;&#x430;&#x442;&#x43E;&#x432;&#x430;$v&#x412;&#x44B;&#x43F;. 4</subfield>
    <subfield code="9">7413896</subfield>
    <subfield code="c">[&#x41C;&#x43E;&#x441;&#x43A;&#x432;&#x430;]</subfield>
    <subfield code="d">1935</subfield>
    <subfield code="f">&#x41C;. &#x413;&#x435;&#x440;&#x448;&#x435;&#x43D;&#x437;&#x43E;&#x43D;</subfield>
    <subfield code="n">&#x414;&#x435;&#x442;&#x433;&#x438;&#x437;</subfield>
    <subfield code="o">&#x414;&#x43B;&#x44F; &#x43C;&#x43B;. &#x432;&#x43E;&#x437;&#x440;&#x430;&#x441;&#x442;&#x430;</subfield>
    <subfield code="t">33 &#x437;&#x430;&#x442;&#x435;&#x438;</subfield>
    <subfield code="v">&#x412;&#x44B;&#x43F;. 4</subfield>
  </datafield>
  <datafield tag="700" ind1=" " ind2="1">
    <subfield code="a">&#x41B;&#x430;&#x43D;</subfield>
    <subfield code="b">&#x41A;.</subfield>
  </datafield>
  <datafield tag="701" ind1=" " ind2="1">
    <subfield code="a">&#x41F;&#x430;&#x438;&#x43D;</subfield>
    <subfield code="b">&#x415;.</subfield>
  </datafield>
  <datafield tag="801" ind1=" " ind2="0">
    <subfield code="a">RU</subfield>
    <subfield code="b">NLR</subfield>
    <subfield code="g">psbo</subfield>
  </datafield>
  <datafield tag="801" ind1=" " ind2="1">
    <subfield code="a">RU</subfield>
    <subfield code="b">ELAR</subfield>
    <subfield code="2">rusmarc</subfield>
  </datafield>
  <datafield tag="852" ind1=" " ind2=" ">
    <subfield code="a">NLR</subfield>
    <subfield code="j">36-19/52(4)</subfield>
  </datafield>
  <datafield tag="942" ind1=" " ind2=" ">
    <subfield code="c">UNSPEC</subfield>
  </datafield>
  <datafield tag="980" ind1=" " ind2=" ">
    <subfield code="a">NB</subfield>
  </datafield>
</record>
